00525nam a22002057a 450000500170000001000110001702000100002803500110003803700160004904000120006508200150007710000230009224500650011526000270018027000310020730000250023850000190026365000220028265000150030420170124110015.0 a592786 c00.00 a592786 bCen Lib/Ret aDPLbEN a301.1bMCD aMcdougall, William aAn introduction to social psychology /cby William Mcdougall aLondonbMethuen c1908 a36 Essex Street Stand WC 2 axxix,524p.c20cm(Hb) aIncludes index aSocial psychology aPsychology